00322nam a2200121Ia 4500008004100000041000800041082001400049100002000063245004500083260002700128300003300155365001200188240624s9999 xx 000 0 und d aeng a658.5 FOU aFOUSSIER PIERRE aFROM PRODUCT DESCRIPTION TO COST A PRACT c2006aLondonbSpringer axxxvi, : 362 : p. : cm. ; 24 cERUb50